000 01806nam0a22004211 4500
001 RU\NLR\Evr\2256
005 20260407071314.0
035 _a(NLR Aleph) 011418643
090 _a11595957
_c11595957
100 _a20070718d1947 u y0rusy50 ca
101 1 _ayid
102 _aRU
105 _aa |||||||||
200 1 _6a01
_7ba
_aDi opshtamung funem mentsh
_fProf. V. Nikolski un prof. M. Nesturkh
_g[Yidish - F. Altshuler]
210 _6a01
_aMoskve
_cOGIZ; Der emes
_d1947
_7ba
210 _6a01
_9z02
_aמאָסקווע
_cאָגיז; דער עמעס
_d1947
210 _9z02
_aМосква
_cОГИЗ; Дер эмес
_d1947
_7ca
215 _a63 с.
_cИл.
_d16 см.
510 1 _6a01
_aדי אָפּשטאמונג פונעמ מענטש
_fפּראָפ. וו. ניקאָלסקי אונ פּראָפ. מ. נעסטורכ
_g[יידיש - פ. אלטשולער]
541 1 _aПроисхождение человека
_zrus
700 1 _4070
_7ca
_8rus
_aНикольский
_bВ. К.
_cд-р ист. наук
_f1894-1953
_gВладимир Капитонович
_3RU\NLR\AUTH\770278243
_92650210
701 1 _6a01
_aNesturkh
_bM.F.
_f1895-1979
_gMikhail Fedorovitsh
_3RU\NLR\AUTH\7951859
_4070
_7ba
701 1 _6a01
_aNesturkh
_bM.
_4070
_7ba
701 1 _6a01
_aנעסטורך
_b
_4070
_7ha
702 1 _6a01
_aАльтшулер
_bФ.
_3RU\NLR\AUTH\7955302
_4730
_7ca
702 1 _6a01
_aAltshuler
_bF.
_4730
_7ba
702 1 _6a01
_aאלטשולער
_b
_4730
_7ha
790 1 _6a01
_aNikol'ski
_bV.
_4070
_7ba
790 1 _6a01
_aניקאָלסקי
_b.וו
_4070
801 0 _aRU
_bNLR
_c20070718
_gpsbo
801 0 _aRU
_bNLR
_gPSBO
801 1 _aRU
_bNLR
_c20070718
_2rusmarc
801 2 _aRU
_bNLR
_c20070718
_2rusmarc
852 _aNLR
_bОЛСАА/идиш
_j2-407
942 _cBOOK
980 _aNB
980 1 _aIDISH